000 00718nam a2200229 i 4500
001 C2-0277624
003 PPAK
005 20180728005611.0
008 070122s2006 nyua|||| ||||| | eng d
020 _a1933045337
040 _aPPAK
_beng
_cPPAK
_erda
082 0 4 _a917.302
_223
090 0 0 _a917.302
_bOVE
_dRLCK
245 0 0 _aOverlook :
_bexploring the internal fringes of America with the center for land use interpretation
264 1 _aNew York :
_bMetropolis Books ,
_c2006
300 _a264 pages :
_bcolour illustrations ;
_c26 cm
336 _2rdacontent
_atext
337 _2rdamedia
_aunmediated
338 _2rdacarrier
_avolume
650 1 0 _aUnited State - Geography - Miscellanea.
942 _ddc
_cB
999 _c84790
_d84790